00800nam a2200217 i 450000100060000000300090000600500170001500700030003200800410003524500870007626000420016330000220020549000520022765000170027970000250029670000300032183000600035185200320041199900170044395201220046090185ES-MaACL20230906180354.0t|050119s1970 sp ||||1| spa d00aLeales con Dios / cLouis Evely ... [et al.] ; [traducción de Aníbal Aguirre]. aZalla (Vizcaya) : bPaulinas, c1970. a108 p. ; c18 cm.1 aColección "Puntos fijos del Espíritu" ; v304aDios.9119001 aEvely, Louis.9483851 aAguirre, Aníbal.9188090 aColección "Puntos fijos del Espíritu" ; v39231930 aES-MaACLjC-47652 bR.75598 c90185d90185 00104070aATENEOMbATENEOMcDEPO2d2008-01-17eSCl0oC-47652p1094178r2023-02-23 00:00:00w2023-02-23yMONOGRAFIA